Statistics for F ile Başlayan Ülkeler

Click here to take the quiz!

General Stats

  • This quiz has been taken 1 783 times
  • The average score is 4 of 6

Answer Stats

Ülke% Correct
Fransa
92%
Fas
80%
Finlandiya
71%
Fiji
39%
Filipinler
37%
Fildişi Sahili
34%

Score Distribution

Percentile by Number Answered

Percent of People with Each Score

Your Score History

You have not taken this quiz